|
|
|
|
| LEADER |
01112nam a2200313 a 4500 |
| 001 |
000715655 |
| 003 |
CZ BrMZK |
| 005 |
20130221093724.0 |
| 007 |
ta |
| 008 |
040513s2004 xr e 000 j cze d |
| 015 |
|
|
|a cnb001312384
|
| 020 |
|
|
|a 80-7108-250-3
|q (brož.)
|
| 035 |
|
|
|a (OCoLC)56009497
|
| 040 |
|
|
|a BOA001
|b cze
|
| 072 |
|
7 |
|a 821.162.3-3
|x Česká próza
|2 Konspekt
|9 25
|
| 080 |
|
|
|a 821.162.3-32
|2 MRF
|
| 080 |
|
|
|a (0:82-32)
|2 MRF
|
| 100 |
1 |
|
|a Trefulka, Jan,
|d 1929-2012
|7 jk01140076
|4 aut
|
| 245 |
1 |
0 |
|a Skřipce na ptáčky /
|c Jan Trefulka
|
| 250 |
|
|
|a Vyd. 1.
|
| 260 |
|
|
|a Brno :
|b Atlantis,
|c 2004
|
| 300 |
|
|
|a 181 s. ;
|c 21 cm
|
| 655 |
|
7 |
|a české povídky
|7 fd133971
|2 czenas
|
| 856 |
4 |
1 |
|u http://www.digitalniknihovna.cz/mzk/uuid/uuid:3c498710-7cea-11e3-9be6-005056827e52
|y Digitalizovaný dokument
|x NDK
|
| 910 |
|
|
|a BOA001
|b 2-1135.171
|
| 990 |
|
|
|a BK
|
| 991 |
|
|
|f B-TRE
|
| 996 |
6 |
|
|b 2610220529
|c 2-1135.171
|l MZK
|r Sklad / do 1 hodiny
|n 2
|p p.v.
|w 000715655
|u 000010
|a 1
|e BOA001
|j MZK50
|s P
|
| 996 |
7 |
|
|b 2610220530
|c 2-1135.171
|l MZK
|r Sklad / do 1 hodiny
|n 12
|p p.v.
|w 000715655
|u 000020
|a 1
|e BOA001
|j MZK50
|s A
|